00479nam a2200193 a 4500001001300000003000900013005001700022008004100039020001100080082001600091100002100107245001900128260003500147300000800182500003500190505002700225650001200252700002100264nice12345678IN_TiNIC20260116011435.0050524s1927 dela grp 000 0 urd  ac0.0800a297.82bAZA aAzad, Abul Kalam aShaheed-E-Azam aDelhibShahi Kutub Khanac1927 a80p aincludes index and biblioraphy2 aPlus Some Other Tracts aKarbala1 aAzad, Abul Kalam